| 000 | 00492nam a2200181Ia 4500 | ||
|---|---|---|---|
| 001 | 11322 | ||
| 005 | 20260306162819.0 | ||
| 008 | 260306t2013||||xx |||||||||||||| ||spa|| | ||
| 041 | _aESP | ||
| 082 |
_a985.03 _bP91 |
||
| 100 |
_aPuente Luna, José Carlos de la _eAUT |
||
| 245 | 0 |
_aLos curacas hechiceros de Jauja: _bbatallas mágicas y legales en el Perú colonial |
|
| 260 | _c2013 | ||
| 300 |
_a306 páginas : _c24 cm. |
||
| 650 | _aGEN | ||
| 654 | _aCHU | ||
| 942 |
_cLIB _dJUS _fJUS _2ddc _n |
||
| 999 |
_c11322 _d11322 |
||